[Event "SVK-chT2C 2223"]
[Site "Slovakia"]
[Date "2023.02.12"]
[Round "9.6"]
[White "Korenova, Simona"]
[Black "Piovar, Jaroslav"]
[Result "1-0"]
[WhiteElo "1969"]
[BlackElo "1642"]
[PlyCount "101"]
[EventDate "2022.10.08"]
[EventType "team-tourn"]
[EventRounds "11"]
[EventCountry "SVK"]
[SourceTitle "EXT 2024"]
[Source "ChessBase"]
[SourceDate "2023.10.10"]
[SourceVersion "1"]
[SourceVersionDate "2023.10.10"]
[SourceQuality "1"]
[WhiteTeam "Liptov Chess School III"]
[BlackTeam "Zilina Mladost III"]
[WhiteTeamCountry "SVK"]
[BlackTeamCountry "SVK"]

1. c4 e6 2. d4 d5 3. Nc3 c5 4. e3 Nc6 5. Nf3 Nf6 6. a3 Be7 7. Bd3 0-0 8. 0-0 Re8 9. b3 cxd4 10. exd4 dxc4 11. bxc4 b6 12. Rb1 Na5 13. Ne5 Ba6 14. Ne4 Nxe4 15. Bxe4 Rc8 16. Qh5 g6 17. Qf3 f5 18. Bc2 Bg5 19. Ba4 Rf8 20. Bd7 Bxc4 21. Bxg5 Qxg5 22. Nxc4 Nxc4 23. Bxe6+ Kh8 24. Bxc8 Nd2 25. Qc3 Nxb1 26. Rxb1 Qf6 27. Rd1 Kg7 28. Qc7+ Rf7 29. Qe5 Qxe5 30. dxe5 Rc7 31. Rd7+ Rxd7 32. Bxd7 Kf7 33. Kf1 f4 34. Ke2 Ke7 35. e6 a6 36. Kf3 g5 37. Ke4 b5 38. Kf5 h6 39. Kg6 g4 40. Kxh6 a5 41. Bxb5 Kxe6 42. Kg5 g3 43. hxg3 fxg3 44. f4 Kf7 45. f5 Kg7 46. f6+ Kf8 47. Kg6 Kg8 48. Bc4+ Kf8 49. f7 a4 50. Ba2 Ke7 51. Kg7 1-0

[Event "SVK-chT2C 2223"]
[Site "Slovakia"]
[Date "2023.01.15"]
[Round "7.6"]
[White "Korenova, Simona"]
[Black "Hyll, Jan"]
[Result "1-0"]
[WhiteElo "1969"]
[BlackElo "1903"]
[PlyCount "55"]
[EventDate "2022.10.08"]
[EventType "team-tourn"]
[EventRounds "11"]
[EventCountry "SVK"]
[SourceTitle "EXT 2024"]
[Source "ChessBase"]
[SourceDate "2023.10.10"]
[SourceVersion "1"]
[SourceVersionDate "2023.10.10"]
[SourceQuality "1"]
[WhiteTeam "Liptov Chess School III"]
[BlackTeam "Martin Medea"]
[WhiteTeamCountry "SVK"]
[BlackTeamCountry "SVK"]

1. d4 d5 2. c4 c6 3. Nc3 Nf6 4. cxd5 cxd5 5. Bf4 Nc6 6. e3 e6 7. Nf3 Be7 8. Bd3 0-0 9. 0-0 Nh5 10. Bg3 Nxg3 11. hxg3 Bf6 12. Rc1 Bd7 13. Bb1 a6 14. Qd3 g6 15. Rfe1 b5 16. e4 dxe4 17. Nxe4 Nb4 18. Qd2 Nd5 19. Nc5 Ra7 20. Ne5 Bxe5 21. dxe5 Kg7 22. Re4 h6 23. Rg4 Bc8 24. Rd1 Qb6 25. Ne4 Rd7 26. Nd6 Ne7 27. Qf4 Nf5 28. Bxf5 1-0

[Event "SVK-chT U18"]
[Site "Radava"]
[Date "2022.11.24"]
[Round "7.4"]
[White "Piesecka, Vivien"]
[Black "Korenova, Simona"]
[Result "0-1"]
[WhiteElo "1000"]
[BlackElo "1874"]
[PlyCount "54"]
[EventDate "2022.11.21"]
[EventType "team-swiss"]
[EventRounds "7"]
[EventCountry "SVK"]
[SourceTitle "CBM 211 Extra"]
[Source "ChessBase"]
[SourceDate "2023.01.31"]
[SourceVersion "1"]
[SourceVersionDate "2023.01.31"]
[SourceQuality "1"]
[WhiteTeam "Nitra Chess Academy"]
[BlackTeam "Liptov Chess School"]
[WhiteTeamCountry "SVK"]
[BlackTeamCountry "SVK"]

1. e4 c5 2. Nc3 d6 3. Bc4 Nf6 4. d3 g6 5. Nf3 Bg7 6. Ng5 0-0 7. 0-0 Nc6 8. Nd5 a6 9. a4 e6 10. Nxf6+ Bxf6 11. h4 d5 12. exd5 exd5 13. Ba2 Ne5 14. f4 Ng4 15. Qf3 Bd4+ 16. Kh1 h6 17. Nh3 Qxh4 18. c3 Nf2+ 19. Kh2 Nxh3 20. cxd4 Ng5+ 21. Qh3 Bxh3 22. gxh3 Qxh3+ 23. Kg1 Qg3+ 24. Kh1 Nf3 25. Rxf3 Qxf3+ 26. Kg1 Rfe8 27. Bd2 Re2 0-1

[Event "SVK-chT U18"]
[Site "Radava"]
[Date "2022.11.24"]
[Round "6.4"]
[White "Sosovickova, Martina"]
[Black "Korenova, Simona"]
[Result "0-1"]
[WhiteElo "1721"]
[BlackElo "1874"]
[PlyCount "90"]
[EventDate "2022.11.21"]
[EventType "team-swiss"]
[EventRounds "7"]
[EventCountry "SVK"]
[SourceTitle "CBM 211 Extra"]
[Source "ChessBase"]
[SourceDate "2023.01.31"]
[SourceVersion "1"]
[SourceVersionDate "2023.01.31"]
[SourceQuality "1"]
[WhiteTeam "Nitra NSK"]
[BlackTeam "Liptov Chess School"]
[WhiteTeamCountry "SVK"]
[BlackTeamCountry "SVK"]

1. e4 c5 2. Nf3 d6 3. d4 cxd4 4. Nxd4 Nf6 5. Nc3 a6 6. f3 e5 7. Nb3 Be6 8. Be3 Be7 9. Qd2 0-0 10. 0-0-0 Nbd7 11. g4 b5 12. g5 Nh5 13. Nd5 Bxd5 14. exd5 Nb6 15. Na5 Qc7 16. Nc6 Bd8 17. Nxd8 Rfxd8 18. Rg1 Rac8 19. Bxb6 Qxb6 20. Bh3 Rc5 21. Bf5 g6 22. Be4 b4 23. Kb1 Ra5 24. Rc1 Rc8 25. Rgd1 Rc4 26. Qe2 Rcc5 27. Qd2 Qb5 28. b3 Nf4 29. c4 Qb6 30. h4 Nh5 31. Rf1 Ra3 32. f4 Nxf4 33. Rxf4 exf4 34. Qxf4 Rca5 35. Rf1 Qc7 36. h5 Rxa2 37. hxg6 hxg6 38. Qf6 Ra1+ 39. Kc2 Rxf1 40. Qxf1 Qe7 41. Qf4 Ra2+ 42. Kb1 Re2 43. Bc2 Rg2 44. Qd4 Qe1+ 45. Kb2 Qe2 0-1

[Event "SVK-chT1E 2223"]
[Site "Slovakia"]
[Date "2022.10.15"]
[Round "1.8"]
[White "Rasamoelina, David Andrinandrasa"]
[Black "Korenova, Simona"]
[Result "1/2-1/2"]
[WhiteElo "1586"]
[BlackElo "1874"]
[PlyCount "119"]
[EventDate "2022.10.15"]
[EventType "team-tourn"]
[EventRounds "11"]
[EventCountry "SVK"]
[SourceTitle "EXT 2024"]
[Source "ChessBase"]
[SourceDate "2023.10.10"]
[SourceVersion "1"]
[SourceVersionDate "2023.10.10"]
[SourceQuality "1"]
[WhiteTeam "Kosice Slavia TU"]
[BlackTeam "Liptov Chess School II"]
[WhiteTeamCountry "SVK"]
[BlackTeamCountry "SVK"]

1. e4 c5 2. Nf3 d6 3. d4 cxd4 4. Nxd4 Nf6 5. Nc3 a6 6. f3 e5 7. Nb3 Be6 8. Be3 Be7 9. Qd2 0-0 10. 0-0-0 Nc6 11. g4 Rc8 12. g5 Nh5 13. Nd5 b5 14. Nxe7+ Qxe7 15. Qxd6 Qxd6 16. Rxd6 Nb4 17. Rxe6 fxe6 18. Bc5 Rxc5 19. Nxc5 Rc8 20. Nd3 Nxc2 21. Kb1 Nd4 22. Nxe5 Nf4 23. h4 Rc2 24. Bh3 Rc5 25. Ng4 Nxf3 26. Nf2 Nd2+ 27. Ka1 Rc2 28. a3 Nc4 29. Rf1 Rxf2 30. Rxf2 Nxh3 31. Rf3 Ng1 32. Rf2 Nd6 33. e5 Nf5 34. h5 Nh3 35. Rg2 Nf4 36. Rh2 Ng3 37. h6 gxh6 38. gxh6 Nfh5 39. Rd2 Ne4 40. Rd8+ Kf7 41. Rd7+ Kg6 42. Ra7 Nc5 43. b4 Na4 44. Rxa6 Nf4 45. Ra8 Kxh6 46. Rg8 Kh5 47. Kb1 Ng6 48. Re8 Nxe5 49. Rxe6 Nc4 50. Ka2 Kg5 51. Re8 h5 52. Rb8 Kg4 53. Kb3 Nab6 54. Rg8+ Kh3 55. Rg5 Nd6 56. Rxh5+ Kg4 57. Rh6 Ndc4 58. Rf6 Kg5 59. Rf8 Kg6 60. Rf4 1/2-1/2

[Event "SVK-chT2C 2122"]
[Site "Slovakia"]
[Date "2022.03.26"]
[Round "8.6"]
[White "Bulej, Matej"]
[Black "Korenova, Simona"]
[Result "1/2-1/2"]
[WhiteElo "1793"]
[BlackElo "1900"]
[PlyCount "83"]
[EventDate "2021.10.16"]
[EventType "team-tourn"]
[EventRounds "11"]
[EventCountry "SVK"]
[SourceTitle "EXT 2023"]
[Source "ChessBase"]
[SourceDate "2022.10.05"]
[SourceVersion "1"]
[SourceVersionDate "2022.10.05"]
[SourceQuality "1"]
[WhiteTeam "Kysucke Nove Mesto"]
[BlackTeam "Liptov Chess School III"]
[WhiteTeamCountry "SVK"]
[BlackTeamCountry "SVK"]

1. d4 d5 2. Nf3 Nf6 3. c3 e6 4. Bg5 Be7 5. e3 Nbd7 6. Nbd2 0-0 7. Bd3 b6 8. 0-0 Bb7 9. Qe2 Ne4 10. Bxe7 Qxe7 11. Bc2 f5 12. Ne5 Ndf6 13. f4 c5 14. Kh1 Qe8 15. Nxe4 dxe4 16. Bb3 cxd4 17. cxd4 Bd5 18. g4 fxg4 19. Nxg4 Nxg4 20. Qxg4 Rf6 21. Rac1 Rg6 22. Qe2 Qf7 23. Rc3 Qf5 24. Rg1 Rxg1+ 25. Kxg1 Rf8 26. Qg2 Qf7 27. Qg5 h6 28. Qg3 Qd7 29. Qe1 Rf6 30. h3 Qf7 31. Kh2 Qh5 32. Bd1 Qf7 33. Qg3 Qd7 34. Bb3 a5 35. Rc2 a4 36. Bxd5 exd5 37. Qg4 Qf7 38. Rc8+ Kh7 39. Rc2 Rg6 40. Qh4 Qb7 41. Qh5 Qd7 42. Qe2 1/2-1/2

[Event "SVK-chT2C 2122"]
[Site "Slovakia"]
[Date "2022.02.12"]
[Round "7.7"]
[White "Cernekova, Martina"]
[Black "Korenova, Simona"]
[Result "0-1"]
[WhiteElo "1714"]
[BlackElo "1900"]
[PlyCount "72"]
[EventDate "2021.10.16"]
[EventType "team-tourn"]
[EventRounds "11"]
[EventCountry "SVK"]
[SourceTitle "EXT 2023"]
[Source "ChessBase"]
[SourceDate "2022.10.05"]
[SourceVersion "1"]
[SourceVersionDate "2022.10.05"]
[SourceQuality "1"]
[WhiteTeam "Martin Medea"]
[BlackTeam "Liptov Chess School III"]
[WhiteTeamCountry "SVK"]
[BlackTeamCountry "SVK"]

1. d4 d5 2. c4 c6 3. Nc3 Nf6 4. Nf3 e6 5. e3 Nbd7 6. c5 b6 7. b4 a5 8. bxa5 bxc5 9. Bd2 c4 10. Qa4 Qc7 11. Ne5 Nxe5 12. dxe5 Nd7 13. f4 Rxa5 14. Qc2 Ra8 15. Be2 Bc5 16. Na4 Ba7 17. 0-0 Ba6 18. Kh1 0-0 19. Rf3 f6 20. Rh3 f5 21. g4 g6 22. gxf5 gxf5 23. Rg1+ Kh8 24. Bh5 Rg8 25. Bf7 Rxg1+ 26. Kxg1 Nf8 27. Bh5 d4 28. exd4 Bxd4+ 29. Kh1 c5 30. Bf3 Bb7 31. Nc3 Bxf3+ 32. Rxf3 Qb7 33. Kg2 Ng6 34. Kg3 Rg8 35. Rf1 Nxe5+ 36. Kh4 Rg4+ 0-1

[Event "SVK-chT2C 2122"]
[Site "Slovakia"]
[Date "2021.10.17"]
[Round "2.7"]
[White "Csernok, Ladislav"]
[Black "Korenova, Simona"]
[Result "0-1"]
[WhiteElo "1721"]
[BlackElo "1867"]
[PlyCount "82"]
[EventDate "2021.10.16"]
[EventType "team-tourn"]
[EventRounds "11"]
[EventCountry "SVK"]
[SourceTitle "EXT 2023"]
[Source "ChessBase"]
[SourceDate "2022.10.05"]
[SourceVersion "1"]
[SourceVersionDate "2022.10.05"]
[SourceQuality "1"]
[WhiteTeam "Filakovo"]
[BlackTeam "Liptov Chess School III"]
[WhiteTeamCountry "SVK"]
[BlackTeamCountry "SVK"]

1. e4 c5 2. Nc3 d6 3. g3 g6 4. Bg2 Bg7 5. f4 Nc6 6. Nf3 e6 7. 0-0 Nge7 8. d3 0-0 9. g4 Rb8 10. a3 b5 11. Ne2 f5 12. gxf5 gxf5 13. Ng3 Nd4 14. c3 Nxf3+ 15. Bxf3 Ng6 16. exf5 exf5 17. Bd5+ Kh8 18. Bd2 Bb7 19. Bxb7 Rxb7 20. Qf3 d5 21. Rae1 Nh4 22. Qh5 Rb6 23. Rf2 d4 24. Qe2 Rd6 25. Nh5 Rg8 26. Kf1 dxc3 27. Bxc3 Bxc3 28. bxc3 Ng6 29. d4 c4 30. Rf3 Qa8 31. Ng3 Rf6 32. Qf2 Re8 33. Rfe3 Rxe3 34. Rxe3 Rf8 35. Qf3 Qxf3+ 36. Rxf3 Ne7 37. Ne2 Nd5 38. Rg3 Re8 39. Kf2 Re4 40. Rg5 Nxf4 41. Ng3 Nh3+ 0-1

[Event "SVK League Cup 1st"]
[Site "Tornelo INT"]
[Date "2021.04.04"]
[Round "4"]
[White "Sustek, Adam"]
[Black "Korenova, Simona"]
[Result "0-1"]
[WhiteElo "1677"]
[BlackElo "1948"]
[PlyCount "66"]
[EventDate "2021.03.27"]
[EventType "swiss"]
[EventRounds "8"]
[EventCountry "SVK"]
[SourceTitle "EXT 2022"]
[Source "ChessBase"]
[SourceDate "2021.10.06"]
[SourceVersion "1"]
[SourceVersionDate "2021.10.06"]
[SourceQuality "1"]

1. e4 c5 2. c3 e6 3. d4 cxd4 4. cxd4 d6 5. Nf3 Nf6 6. Nc3 Be7 7. Bd3 0-0 8. 0-0 b6 9. h3 Bb7 10. Bf4 d5 11. exd5 exd5 12. Re1 Nh5 13. Bh2 Bg5 14. Nxg5 Qxg5 15. Re5 f5 16. g4 g6 17. Kf1 Nf4 18. Bxf4 Qxf4 19. gxf5 Qxd4 20. Re7 Bc8 21. Nb5 Qh4 22. Re3 Bxf5 23. Bxf5 Rxf5 24. Rf3 Qc4+ 25. Qe2 Rxf3 26. Qxc4 dxc4 27. Nc7 Rf8 28. Nxa8 Na6 29. Nxb6 axb6 30. Rd1 Nb4 31. Rd6 b5 32. a3 Nd3 33. b3 Nxf2 0-1

[Event "EU-ch Online U16 Girls"]
[Site "Tornelo INT"]
[Date "2020.09.19"]
[Round "5"]
[White "Korenova, Simona"]
[Black "Tomasi, Elise"]
[Result "0-1"]
[WhiteElo "1610"]
[BlackElo "1858"]
[PlyCount "92"]
[EventDate "2020.09.18"]
[EventType "swiss (rapid)"]
[EventRounds "9"]
[EventCountry "NET"]
[SourceTitle "EXT 2023"]
[Source "ChessBase"]
[SourceDate "2022.10.05"]
[SourceVersion "1"]
[SourceVersionDate "2022.10.05"]
[SourceQuality "1"]
[WhiteTeam "Slovakia"]
[BlackTeam "France"]
[WhiteTeamCountry "SVK"]
[BlackTeamCountry "FRA"]

1. c4 e6 2. Nc3 Nf6 3. g3 d5 4. cxd5 exd5 5. d4 Be6 6. Bg2 Be7 7. Nf3 0-0 8. 0-0 c6 9. a3 Nbd7 10. Re1 Ne4 11. Nd2 f5 12. f3 Nxc3 13. bxc3 Nf6 14. e4 fxe4 15. fxe4 dxe4 16. Nxe4 Bd5 17. Qc2 Nxe4 18. Bxe4 Bxe4 19. Rxe4 Bf6 20. Qb3+ Kh8 21. Qxb7 Qd5 22. Qb1 Rae8 23. Rxe8 Rxe8 24. Bf4 Re2 25. Qf1 Bxd4+ 26. cxd4 Qxd4+ 27. Kh1 Rf2 28. Qxf2 Qxf2 29. Rb1 h6 30. Rc1 c5 31. Ra1 c4 32. h4 c3 33. Rc1 c2 34. a4 Kg8 35. a5 Kf7 36. Bc7 Kg6 37. Bf4 Kh5 38. Rg1 Kg4 39. Rg2 Qf1+ 40. Kh2 c1Q 41. Bxc1 Qxc1 42. Rf2 Qe1 43. Rf4+ Kh5 44. Rf7 Kg6 45. Rf3 Qe2+ 46. Kh3 Qxf3 0-1

[Event "EU-ch Online U16 Girls"]
[Site "Tornelo INT"]
[Date "2020.09.18"]
[Round "3"]
[White "Korenova, Simona"]
[Black "Ioannides Liu, Alice"]
[Result "1-0"]
[WhiteElo "1610"]
[BlackElo "1475"]
[PlyCount "75"]
[EventDate "2020.09.18"]
[EventType "swiss (rapid)"]
[EventRounds "9"]
[EventCountry "NET"]
[SourceTitle "EXT 2023"]
[Source "ChessBase"]
[SourceDate "2022.10.05"]
[SourceVersion "1"]
[SourceVersionDate "2022.10.05"]
[SourceQuality "1"]
[WhiteTeam "Slovakia"]
[BlackTeam "Zypern"]
[WhiteTeamCountry "SVK"]
[BlackTeamCountry "CYP"]

1. c4 e5 2. Nc3 Nf6 3. g3 Be7 4. Bg2 c6 5. e3 d5 6. cxd5 cxd5 7. d4 e4 8. Qb3 Nc6 9. Nge2 0-0 10. Nf4 Na5 11. Qc2 b6 12. 0-0 Bb7 13. f3 Rc8 14. Qe2 Bb4 15. Bd2 Nc4 16. Nxe4 Bxd2 17. Nxd2 Nxb2 18. Rab1 Rc2 19. Rfc1 Qc8 20. Qe1 Rxc1 21. Rxc1 Qd7 22. Bh3 Qd6 23. Rc2 Nc4 24. Nxc4 dxc4 25. Rxc4 Bxf3 26. Qc1 g5 27. Nd3 Bd5 28. Rc8 Rxc8 29. Qxc8+ Kg7 30. Qf5 h6 31. Qf2 Ne4 32. Qc2 Qa3 33. Bg2 f5 34. Qc7+ Kf6 35. Qe5+ Kg6 36. Qe8+ Bf7 37. Ne5+ Kh5 38. Qxf7# 1-0

[Event "EU-ch Online U16 Girls"]
[Site "Tornelo INT"]
[Date "2020.09.18"]
[Round "1"]
[White "Korenova, Simona"]
[Black "Yakimova, Mariya"]
[Result "0-1"]
[WhiteElo "1610"]
[BlackElo "2068"]
[PlyCount "138"]
[EventDate "2020.09.18"]
[EventType "swiss (rapid)"]
[EventRounds "9"]
[EventCountry "NET"]
[SourceTitle "EXT 2023"]
[Source "ChessBase"]
[SourceDate "2022.10.05"]
[SourceVersion "1"]
[SourceVersionDate "2022.10.05"]
[SourceQuality "1"]
[WhiteTeam "Slovakia"]
[BlackTeam "Russia"]
[WhiteTeamCountry "SVK"]
[BlackTeamCountry "RUS"]

1. c4 e5 2. Nc3 d6 3. g3 g6 4. Bg2 Bg7 5. e3 f5 6. Nge2 Nf6 7. 0-0 0-0 8. d4 e4 9. f3 exf3 10. Bxf3 Nc6 11. e4 fxe4 12. Nxe4 Nxe4 13. Bxe4 Rxf1+ 14. Qxf1 Nxd4 15. Nxd4 Bxd4+ 16. Kh1 Qf6 17. Bd5+ Kg7 18. Qe2 c6 19. Bg2 Bd7 20. Bf4 Re8 21. Qd2 Be5 22. Bh6+ Kg8 23. Rf1 Qe7 24. Bg5 Qe6 25. b3 Rf8 26. Re1 Qg4 27. Bh6 Re8 28. Re4 Qh5 29. Rh4 Bc3 30. Qf2 Qd1+ 31. Bf1 Bf5 32. Rf4 Be5 33. Rxf5 gxf5 34. Qxf5 Bg7 35. Bxg7 Kxg7 36. Qd7+ Kf8 37. Qf5+ Ke7 38. Qxh7+ Kd8 39. Qh4+ Kc7 40. Qh7+ Kb6 41. Qf7 Re1 42. Qf2+ c5 43. Kg2 Re5 44. b4 Qe1 45. bxc5+ dxc5 46. Qb2+ Kc7 47. Qa3 Qe4+ 48. Kg1 Qd4+ 49. Kg2 Qd2+ 50. Kg1 Qd4+ 51. Kg2 Rf5 52. Qa5+ Kc8 53. Qe1 Qb2+ 54. Kg1 Qd4+ 55. Kg2 Qf6 56. Qe8+ Kc7 57. Qe2 Re5 58. Qc2 Qc6+ 59. Kg1 Qd6 60. Qh7+ Re7 61. Qc2 Qd4+ 62. Kg2 Re1 63. Qh7+ Kb6 64. Qg6+ Ka5 65. Qc2 Rd1 66. Qh7 Rd2+ 67. Kh1 Qf2 68. Qc7+ Ka4 69. Qh7 Qxf1# 0-1

[Event "SVK-ch U20 Girls"]
[Site "Lubovna"]
[Date "2020.08.22"]
[Round "9"]
[White "Jancovicova, Petra"]
[Black "Korenova, Simona"]
[Result "1/2-1/2"]
[WhiteElo "1695"]
[BlackElo "1938"]
[PlyCount "55"]
[EventDate "2020.08.15"]
[EventType "swiss"]
[EventRounds "9"]
[EventCountry "SVK"]
[SourceTitle "EXT 2021"]
[Source "ChessBase"]
[SourceDate "2020.10.23"]
[SourceVersion "1"]
[SourceVersionDate "2020.10.23"]
[SourceQuality "1"]

1. e4 c5 2. Nf3 d6 3. d4 cxd4 4. Nxd4 Nf6 5. Nc3 a6 6. f4 e6 7. Qf3 Qc7 8. Be3 Be7 9. g4 b5 10. a3 Nc6 11. g5 Nd7 12. 0-0-0 b4 13. Nxc6 bxc3 14. Nxe7 cxb2+ 15. Kb1 Kxe7 16. Bd4 e5 17. Bxb2 Rb8 18. Kc1 Qb7 19. Ba1 Qb1+ 20. Kd2 Qa2 21. f5 Bb7 22. Bg2 Rhc8 23. Rc1 f6 24. h4 Nc5 25. Qe3 Ba8 26. Kd1 Na4 27. Bf3 Rb1 28. Kd2 1/2-1/2

[Event "SVK-ch U20 Girls"]
[Site "Lubovna"]
[Date "2020.08.18"]
[Round "5"]
[White "Taragelova, Martina"]
[Black "Korenova, Simona"]
[Result "1-0"]
[WhiteElo "2002"]
[BlackElo "1938"]
[PlyCount "81"]
[EventDate "2020.08.15"]
[EventType "swiss"]
[EventRounds "9"]
[EventCountry "SVK"]
[SourceTitle "EXT 2021"]
[Source "ChessBase"]
[SourceDate "2020.10.23"]
[SourceVersion "1"]
[SourceVersionDate "2020.10.23"]
[SourceQuality "1"]

1. d4 d5 2. Bf4 Nf6 3. e3 e6 4. c3 c5 5. Nd2 Nbd7 6. Ngf3 b6 7. Bd3 Bb7 8. Qe2 Be7 9. Rd1 Ne4 10. Ne5 cxd4 11. exd4 Ndf6 12. Bb5+ Kf8 13. g4 g5 14. Be3 h6 15. Qf3 Bd6 16. h4 Kg7 17. Qg2 Qc7 18. f4 Nxd2 19. Bxd2 Ne4 20. fxg5 hxg5 21. Nf3 Bg3+ 22. Ke2 Nf2 23. Bxg5 Nxh1 24. Rxh1 Bf4 25. Rf1 Bd6 26. Bd2 e5 27. Ng5 Raf8 28. Rxf7+ Qxf7 29. Nxf7 Rxf7 30. h5 e4 31. h6+ Kh7 32. g5 Kg6 33. c4 Be7 34. cxd5 Bxd5 35. Bd7 Bd8 36. Qg4 e3 37. Kxe3 Re7+ 38. Kd3 Re4 39. Qf5+ Kh5 40. Qxd5 Rg4 41. Qf3 1-0

[Event "SVK-ch U20 Girls"]
[Site "Lubovna"]
[Date "2020.08.16"]
[Round "2"]
[White "Vozarova, Adriana"]
[Black "Korenova, Simona"]
[Result "1-0"]
[WhiteElo "1745"]
[BlackElo "1938"]
[PlyCount "93"]
[EventDate "2020.08.15"]
[EventType "swiss"]
[EventRounds "9"]
[EventCountry "SVK"]
[SourceTitle "EXT 2021"]
[Source "ChessBase"]
[SourceDate "2020.10.23"]
[SourceVersion "1"]
[SourceVersionDate "2020.10.23"]
[SourceQuality "1"]

1. e4 c5 2. Nf3 d6 3. d4 cxd4 4. Nxd4 Nf6 5. Nc3 a6 6. Be3 Ng4 7. Bc1 Nf6 8. f3 e5 9. Nb3 Be6 10. Be3 Be7 11. Qd2 0-0 12. 0-0-0 Nbd7 13. g4 Nb6 14. h4 h5 15. gxh5 Nxh5 16. Qf2 Nc4 17. Bxc4 Bxc4 18. Rdg1 b5 19. Qg2 Be6 20. Bh6 Bf6 21. Nd5 a5 22. Bg5 Bxd5 23. exd5 g6 24. Qg4 Kh7 25. Nd2 Be7 26. Bxe7 Qxe7 27. Ne4 Rac8 28. Rh2 Rc4 29. Rhg2 Nf4 30. h5 Nxg2 31. hxg6+ fxg6 32. Rxg2 Rg8 33. Ng5+ Kg7 34. Ne6+ Kf7 35. Qh3 Rh4 36. Ng5+ Kg7 37. Qxh4 Qe8 38. Ne6+ Kf7 39. Qg5 Qc8 40. Rh2 Rh8 41. Rh6 Rxh6 42. Qxh6 Qg8 43. Ng5+ Ke8 44. Ne4 Ke7 45. Qg5+ Kf8 46. Qf6+ Ke8 47. Qxd6 1-0

[Event "SVK-chT1E 1920"]
[Site "Slovakia"]
[Date "2020.02.22"]
[Round "8.8"]
[White "Korenova, Simona"]
[Black "Elias, David"]
[Result "1-0"]
[WhiteElo "1894"]
[BlackElo "1912"]
[PlyCount "80"]
[EventDate "2019.10.12"]
[EventType "team-tourn"]
[EventRounds "11"]
[EventCountry "SVK"]
[SourceTitle "CBM 195 Extra"]
[Source "ChessBase"]
[SourceDate "2020.05.31"]
[SourceVersion "1"]
[SourceVersionDate "2020.05.31"]
[SourceQuality "1"]
[WhiteTeam "Liptov Chess School II"]
[BlackTeam "Sabinov"]
[WhiteTeamCountry "SVK"]
[BlackTeamCountry "SVK"]

1. c4 Nf6 2. Nc3 g6 3. g3 Bg7 4. Bg2 d6 5. d4 0-0 6. Nf3 c5 7. 0-0 Na6 8. a3 Rb8 9. Nb5 Bd7 10. a4 Qa5 11. Bd2 Nb4 12. dxc5 dxc5 13. Ne5 Rfd8 14. Qc1 a6 15. Nc3 Be6 16. Na2 Qc7 17. Bf4 Nxa2 18. Rxa2 g5 19. Nxf7 gxf4 20. Nxd8 Rxd8 21. gxf4 Rd4 22. Qe3 Bxc4 23. b3 Bf7 24. Rc2 a5 25. Qxd4 Nd7 26. Qe3 Qd6 27. Rd2 Bd4 28. Qg3+ Kh8 29. e3 Nf6 30. exd4 Nh5 31. Qc3 Qf6 32. Qxc5 Qg7 33. Qe5 Nf6 34. Qxe7 Nh5 35. Rc1 h6 36. Rc8+ Kh7 37. Qe4+ Qg6 38. Qxg6+ Kxg6 39. d5 Nf6 40. Rd3 Kf5 1-0

[Event "SVK-chT2C 1920"]
[Site "Slovakia"]
[Date "2020.01.26"]
[Round "7.7"]
[White "Korenova, Simona"]
[Black "Mydliar, Jan"]
[Result "1-0"]
[WhiteElo "1894"]
[BlackElo "1912"]
[PlyCount "69"]
[EventDate "2019.10.26"]
[EventType "team-tourn"]
[EventRounds "11"]
[EventCountry "SVK"]
[SourceTitle "CBM 194 Extra"]
[Source "ChessBase"]
[SourceDate "2020.03.31"]
[SourceVersion "1"]
[SourceVersionDate "2020.03.31"]
[SourceQuality "1"]
[WhiteTeam "Liptov Chess School III"]
[BlackTeam "Ruzomberok Montana"]
[WhiteTeamCountry "SVK"]
[BlackTeamCountry "SVK"]

1. d4 d5 2. c4 c6 3. Nc3 Nf6 4. cxd5 cxd5 5. Bf4 Nc6 6. e3 a6 7. Bd3 g6 8. Nf3 Bg4 9. h3 Bxf3 10. Qxf3 Bg7 11. 0-0 0-0 12. Rac1 Qa5 13. g4 e6 14. h4 h5 15. gxh5 Nxh5 16. Bg5 f5 17. Kh1 Bf6 18. Rg1 Kf7 19. Qg2 Qd8 20. Ne2 Rh8 21. f4 Rh7 22. Rgf1 Qe7 23. Ng1 Bxg5 24. fxg5 Ng7 25. Nf3 Rah8 26. Bxa6 e5 27. Bxb7 e4 28. Bxc6 exf3 29. Bxd5+ Ne6 30. Rxf3 Rxh4+ 31. Kg1 Kg7 32. Bxe6 Qxe6 33. Rc7+ Kg8 34. Rg3 Qa6 35. Qd5+ 1-0